[Event "EOBCC 2020"]
[Site "Online"]
[Date "2020.12.18"]
[Round "3.76"]
[White "Galopoulos, Nikolaos"]
[Black "Lodici, Lorenzo"]
[Result "1/2-1/2"]
[WhiteElo "2360"]
[BlackElo "2483"]
[PlyCount "132"]
[EventDate "2020.12.18"]
[EventType "tourn"]
[EventCountry "NET"]

1. d4 Nf6 2. c4 b6 3. Nc3 Bb7 4. d5 e6 5. a3 Bd6 6. g3 Be5 7. Qc2 Bxc3+ 8. Qxc3 exd5 9. Qe5+ Kf8 10. Bg2 Nc6 11. Qf4 dxc4 12. Nf3 d5 13. O-O Na5 14. Be3 Nb3 15. Rad1 Qd6 16. Qxd6+ cxd6 17. Nd4 Nc5 18. Nb5 Ke7 19. Nc7 Rac8 20. Nxd5+ Bxd5 21. Bxd5 Nxd5 22. Rxd5 Na4 23. Bd4 f6 24. Rc1 Ke6 25. e4 a6 26. Rc2 b5 27. f4 Rhd8 28. Kf2 Nc5 29. Ke3 Nb3 30. Bc3 Rc5 31. Rd1 d5 32. f5+ Kf7 33. exd5 Rcxd5 34. Rxd5 Rxd5 35. g4 Rd3+ 36. Kf4 Nd4 37. Rf2 Nc6 38. Ke4 Rd6 39. h4 a5 40. Rd2 Ke7 41. Rxd6 Kxd6 42. g5 b4 43. axb4 axb4 44. gxf6 bxc3 45. fxg7 cxb2 46. g8=Q b1=Q+ 47. Kf4 Qc1+ 48. Kf3 Qd1+ 49. Kf2 Qd2+ 50. Kg3 c3 51. Qe6+ Kc5 52. f6 c2 53. f7 c1=Q 54. f8=Q+ Kb5 55. Qff5+ Qc5 56. Qxc5+ Kxc5 57. Qf5+ Kd4 58. Qxh7 Ne5 59. Qf5 Qe3+ 60. Kg2 Nd3 61. Qg4+ Nf4+ 62. Kh2 Qf2+ 63. Kh1 Ke3 64. Qg1 Qxg1+ 65. Kxg1 Kf3 66. h5 Nxh5 1/2-1/2

[Event "EOBCC 2020"]
[Site "Online"]
[Date "2020.12.18"]
[Round "3.77"]
[White "Janik, Igor"]
[Black "Djordjevic, Vuk"]
[Result "1/2-1/2"]
[WhiteElo "2489"]
[BlackElo "2350"]
[PlyCount "132"]
[EventDate "2020.12.18"]
[EventType "tourn"]
[EventCountry "NET"]

1. c4 e5 2. Nc3 Nc6 3. Nf3 g6 4. g3 Bg7 5. Bg2 d6 6. O-O Be6 7. d3 h6 8. Rb1 Qd7 9. b4 Bh3 10. b5 Nd8 11. a4 Bxg2 12. Kxg2 f5 13. a5 e4 14. dxe4 Bxc3 15. exf5 Qxf5 16. e4 Qe6 17. a6 bxa6 18. Qd3 Bg7 19. bxa6 Ne7 20. Nd4 Qf7 21. Nb5 Ne6 22. f4 O-O 23. Be3 Nc6 24. Qd5 Ne7 25. Qd3 Nc6 26. Qd5 Ned8 27. Nxc7 Rc8 28. Nb5 Ne7 29. Qxf7+ Nxf7 30. Rfc1 Nc6 31. Nxa7 Nxa7 32. Bxa7 Ra8 33. Rb7 Rfc8 34. c5 dxc5 35. e5 Nd8 36. Rd7 Bf8 37. Bb6 Ne6 38. a7 Nd4 39. g4 Rc6 40. Rb1 Ne6 41. f5 gxf5 42. gxf5 Nd4 43. e6 Nxf5 44. Bd8 Ra6 45. Rbb7 Ra2+ 46. Kf3 Nd4+ 47. Ke4 Nxe6 48. Bf6 Ng5+ 49. Kf5 Ra6 50. h4 Nf3 51. Rh7 Nxh4+ 52. Ke5 Ng6+ 53. Kf5 Rxf6+ 54. Kxf6 Ne7 55. Rhxe7 Bxe7+ 56. Kxe7 Kg7 57. Kd6+ Kg6 58. Kxc5 h5 59. Rb6+ Kg5 60. Ra6 h4 61. Kb6 Kg4 62. Ra4+ Kg3 63. Kb7 Rxa7+ 64. Kxa7 h3 65. Ra3+ Kg2 66. Rxh3 Kxh3 1/2-1/2

[Event "EOBCC 2020"]
[Site "Online"]
[Date "2020.12.18"]
[Round "3.78"]
[White "Voit, Daria"]
[Black "Rasulov, Vugar"]
[Result "0-1"]
[WhiteElo "2353"]
[BlackElo "2478"]
[PlyCount "86"]
[EventDate "2020.12.18"]
[EventType "tourn"]
[EventCountry "NET"]

1. c4 g6 2. d4 Bg7 3. g3 c5 4. d5 b5 5. cxb5 a6 6. bxa6 d6 7. Nf3 Nf6 8. Nc3 O-O 9. Bg2 Bxa6 10. O-O Nbd7 11. Rb1 Nb6 12. b3 Bc8 13. e4 Bg4 14. Qc2 e6 15. dxe6 Bxe6 16. Rd1 Qe7 17. Bf4 d5 18. Rbc1 d4 19. Nb5 Rfc8 20. Nd2 c4 21. Nd6 d3 22. Nxc8 Rxc8 23. Qb1 c3 24. Qxd3 cxd2 25. Rxc8+ Nxc8 26. Rxd2 Nd7 27. Rc2 Ncb6 28. Qb5 Bd4 29. a4 Qa3 30. Bf1 Bxb3 31. Rd2 Bxa4 32. Qg5 Bf6 33. Qg4 h5 34. Qe2 Ne5 35. Bxe5 Bxe5 36. Rd8+ Kg7 37. Qd3 Qe7 38. Qd2 Bc6 39. Rd3 Qc5 40. Re3 Bd4 41. Re2 Nc4 42. Qd3 Ne5 43. Qd2 Nf3+ 0-1

[Event "EOBCC 2020"]
[Site "Online"]
[Date "2020.12.18"]
[Round "3.79"]
[White "Dourerassou, Jonathan"]
[Black "Okhotnik, Vladimir"]
[Result "1-0"]
[WhiteElo "2477"]
[BlackElo "2350"]
[PlyCount "129"]
[EventDate "2020.12.18"]
[EventType "tourn"]
[EventCountry "NET"]

1. e4 c6 2. d4 d5 3. Nc3 dxe4 4. Nxe4 Nf6 5. Nxf6+ exf6 6. c3 Bd6 7. Bd3 O-O 8. Qc2 h5 9. Ne2 Re8 10. Be3 h4 11. O-O-O Qc7 12. g3 h3 13. Bh7+ Kf8 14. Bf5 Nd7 15. Bxh3 Nb6 16. Bxc8 Qxc8 17. Qh7 Qg4 18. Rhe1 Nd5 19. h3 Qg6 20. Qxg6 fxg6 21. Bd2 b5 22. h4 Kf7 23. Ng1 Nb6 24. Nf3 Nc4 25. Kc2 a5 26. Bc1 a4 27. Rxe8 Rxe8 28. Re1 Ra8 29. Nd2 Nxd2 30. Bxd2 c5 31. Be3 c4 32. a3 Rd8 33. Bd2 Bc7 34. Kd1 Rd5 35. Ke2 Rd8 36. Kf3 Rd5 37. g4 f5 38. g5 Rd7 39. Bf4 Bxf4 40. Kxf4 Rd8 41. Re5 Rh8 42. Kg3 Rb8 43. Rc5 Rb7 44. Kf4 Ke7 45. Rc6 Kf7 46. h5 gxh5 47. g6+ Ke7 48. Kxf5 h4 49. Kg4 Kd7 50. Ra6 Rb8 51. Ra7+ Ke6 52. Rxg7 Kf6 53. Rc7 Kxg6 54. Rc6+ Kf7 55. Kxh4 Ke7 56. Kg4 Kd7 57. Rc5 Ke6 58. f4 Rg8+ 59. Rg5 Rb8 60. f5+ Kd5 61. Kf4 Rb6 62. Rg6 Rb8 63. Rg7 Rh8 64. f6 Rh7 65. Rxh7 1-0

[Event "EOBCC 2020"]
[Site "Online"]
[Date "2020.12.18"]
[Round "3.80"]
[White "Koksal, Ege"]
[Black "Kazakouski, Valery"]
[Result "0-1"]
[WhiteElo "2353"]
[BlackElo "2473"]
[PlyCount "62"]
[EventDate "2020.12.18"]
[EventType "tourn"]
[EventCountry "NET"]

1. d4 Nf6 2. c4 e6 3. Nf3 d5 4. Nc3 Bb4 5. Bg5 h6 6. Bxf6 Qxf6 7. e3 O-O 8. Qb3 c5 9. cxd5 exd5 10. a3 Ba5 11. Be2 c4 12. Qb5 Qb6 13. Qxb6 axb6 14. O-O Bxc3 15. bxc3 Bf5 16. Nd2 b5 17. Bf3 Rd8 18. e4 dxe4 19. Bxe4 Bxe4 20. Nxe4 Nc6 21. Rfb1 Ra5 22. Nc5 Rda8 23. a4 b6 24. Nd7 Rxa4 25. Rxa4 bxa4 26. Nxb6 Rb8 27. d5 Ne5 28. f4 Nd7 29. Nxd7 Rxb1+ 30. Kf2 a3 31. Nc5 a2 0-1

[Event "EOBCC 2020"]
[Site "Online"]
[Date "2020.12.18"]
[Round "3.81"]
[White "Roshka, Yevgeniy"]
[Black "Godzwon, Iwo"]
[Result "0-1"]
[WhiteElo "2476"]
[BlackElo "2347"]
[PlyCount "172"]
[EventDate "2020.12.18"]
[EventType "tourn"]
[EventCountry "NET"]

1. d4 Nf6 2. c4 g6 3. Nc3 d5 4. Bg5 Bg7 5. Nf3 Ne4 6. cxd5 Nxg5 7. Nxg5 e6 8. Nf3 exd5 9. e3 O-O 10. Bd3 c5 11. O-O cxd4 12. Nxd4 Nc6 13. Nxc6 bxc6 14. Na4 Rb8 15. Qc2 Qa5 16. Rac1 Bd7 17. b3 Rfc8 18. Qc5 Qc7 19. Ba6 Rd8 20. Rfd1 Be8 21. h3 Bf8 22. Qc3 Bg7 23. Qc5 Bf8 24. Qc2 Ba3 25. Rb1 c5 26. Nc3 Bc6 27. Bf1 Bb4 28. Ne2 Qe5 29. Nf4 d4 30. Nd3 Qg5 31. Nxb4 Rxb4 32. exd4 Rbxd4 33. Rxd4 Rxd4 34. Rc1 Rd5 35. b4 Qe5 36. bxc5 h5 37. Bc4 Rd4 38. Bf1 Kg7 39. Qc3 Rd5 40. Qa5 Qg5 41. Qa3 Rd2 42. Qc3+ Kh7 43. Re1 Qf4 44. Re2 Rxe2 45. Bxe2 Qe4 46. Bf1 Qb1 47. Qb3 Qc1 48. Qxf7+ Kh6 49. Qf8+ Kh7 50. Qe7+ Kh6 51. Qxa7 Bb5 52. Qf7 Qxf1+ 53. Kh2 Qc4 54. Qxc4 Bxc4 55. a4 Kg5 56. Kg3 h4+ 57. Kh2 Kf4 58. g3+ Kf3 59. gxh4 Kxf2 60. c6 Ba6 61. c7 Bc8 62. a5 Ba6 63. Kh1 Kg3 64. Kg1 Kxh3 65. Kf2 Kxh4 66. Kf3 g5 67. Kg2 g4 68. Kh2 g3+ 69. Kg2 Kg4 70. Kg1 Kf3 71. Kh1 Kg4 72. Kg2 Kh4 73. Kg1 Kh3 74. Kh1 Bb7+ 75. Kg1 g2 76. a6 Bxa6 77. c8=Q+ Bxc8 78. Kf2 Kh2 79. Kf3 g1=Q 80. Kf4 Qg3+ 81. Ke4 Bb7+ 82. Kf5 Qf3+ 83. Kg5 Be4 84. Kh4 Qg3+ 85. Kh5 Kh3 86. Kh6 Qg6# 0-1

[Event "EOBCC 2020"]
[Site "Online"]
[Date "2020.12.18"]
[Round "3.82"]
[White "Costachi, Mihnea"]
[Black "Sevgi, Volkan"]
[Result "0-1"]
[WhiteElo "2471"]
[BlackElo "2359"]
[PlyCount "90"]
[EventDate "2020.12.18"]
[EventType "tourn"]
[EventCountry "NET"]

1. d4 f5 2. g3 Nf6 3. Bg2 e6 4. Nf3 d5 5. O-O Bd6 6. b3 Qe7 7. Bb2 O-O 8. c4 c6 9. Ne5 b6 10. Nc3 Bb7 11. Rc1 Ne4 12. f3 Nxc3 13. Bxc3 c5 14. dxc5 bxc5 15. cxd5 exd5 16. Nd3 Nd7 17. Kh1 Rfe8 18. Re1 d4 19. Bb2 Nb6 20. Ba3 Rac8 21. Qd2 c4 22. Bxd6 Qxd6 23. bxc4 Nxc4 24. Qg5 Ne3 25. Rxc8 Rxc8 26. Rb1 Bd5 27. Bh3 g6 28. g4 h6 29. Qh4 g5 30. Qf2 fxg4 31. Bg2 Nxg2 32. Kxg2 gxf3+ 33. exf3 Rf8 34. Ne1 g4 35. Rd1 Rxf3 36. Qxd4 Rd3+ 37. Kf2 Qxh2+ 38. Kf1 Rxd4 39. Rxd4 g3 40. Rg4+ Kh7 41. Rf4 g2+ 42. Nxg2 Qxg2+ 43. Ke1 Qg3+ 44. Rf2 Qxf2+ 45. Kxf2 Bxa2 0-1

[Event "EOBCC 2020"]
[Site "Online"]
[Date "2020.12.18"]
[Round "3.84"]
[White "Koc, Przemyslaw"]
[Black "Matinian, Nikita"]
[Result "0-1"]
[WhiteElo "2346"]
[BlackElo "2470"]
[PlyCount "84"]
[EventDate "2020.12.18"]
[EventType "tourn"]
[EventCountry "NET"]

1. d4 d6 2. Nc3 g6 3. e4 Bg7 4. Bg5 h6 5. Bh4 c6 6. a4 Nf6 7. Nf3 Bg4 8. Be2 Nbd7 9. e5 dxe5 10. dxe5 Nh7 11. O-O Bxf3 12. Bxf3 Nxe5 13. Be2 Qc7 14. f4 Rd8 15. Qe1 Nd7 16. Kh1 Nhf6 17. Bc4 Nb6 18. Bd3 Nbd5 19. f5 g5 20. Bg3 Qb6 21. Nxd5 Nxd5 22. Qe4 Qd4 23. f6 Bxf6 24. Qf5 Ne3 25. Qf3 Nxf1 26. Rxf1 Qxb2 27. a5 a6 28. c4 Qc3 29. Rd1 h5 30. h3 g4 31. Qf5 gxh3 32. gxh3 Rg8 33. Bc7 Qb2 34. Qf3 Rd7 35. Bf4 h4 36. Rb1 Rxd3 37. Rxb2 Rxf3 38. Rxb7 Rf1+ 39. Kh2 Rxf4 40. Rb8+ Kd7 41. Rxg8 Rxc4 42. Kg2 Ra4 0-1

[Event "EOBCC 2020"]
[Site "Online"]
[Date "2020.12.18"]
[Round "3.85"]
[White "Marn, Jan"]
[Black "Golubov, Saveliy"]
[Result "0-1"]
[WhiteElo "2346"]
[BlackElo "2470"]
[PlyCount "84"]
[EventDate "2020.12.18"]
[EventType "tourn"]
[EventCountry "NET"]

1. d4 g6 2. c4 Bg7 3. e4 d6 4. Nc3 Nf6 5. Be2 O-O 6. Be3 c5 7. d5 e6 8. Nf3 exd5 9. cxd5 Re8 10. Nd2 a6 11. a4 Nbd7 12. O-O Rb8 13. Qc2 h5 14. h3 Ne5 15. f4 Ned7 16. Bf2 Nh7 17. Nc4 Nb6 18. Nxb6 Qxb6 19. Kh1 Qd8 20. Bg3 Bd7 21. a5 b5 22. axb6 Qxb6 23. Rxa6 Qxb2 24. Qxb2 Rxb2 25. Rxd6 Bxc3 26. Rxd7 Rxe2 27. e5 Nf8 28. Rc7 Bd4 29. d6 Ne6 30. Ra7 c4 31. Rb7 c3 32. d7 Ra8 33. Bh4 Rb2 34. d8=Q+ Rxd8 35. Rxb2 cxb2 36. Bxd8 Nxd8 37. Rd1 Ne6 38. f5 gxf5 39. Kh2 Bxe5+ 40. Kg1 Nc5 41. Kf1 Ne4 42. Rb1 Nd2+ 0-1

[Event "EOBCC 2020"]
[Site "Online"]
[Date "2020.12.18"]
[Round "3.86"]
[White "Stukan, Martin"]
[Black "Schitco, Ivan"]
[Result "0-1"]
[WhiteElo "2342"]
[BlackElo "2467"]
[PlyCount "90"]
[EventDate "2020.12.18"]
[EventType "tourn"]
[EventCountry "NET"]

1. e4 e5 2. Nf3 Nc6 3. Bb5 a6 4. Ba4 Nf6 5. O-O Bc5 6. c3 b5 7. Bc2 d5 8. d4 dxe4 9. Nxe5 Nxe5 10. dxe5 Qxd1 11. Rxd1 Ng4 12. Bxe4 Nxf2 13. Bc6+ Ke7 14. Rd5 Bb6 15. Bg5+ f6 16. exf6+ gxf6 17. Bxa8 fxg5 18. Bc6 Be6 19. Kf1 Bxd5 20. Bxd5 Ng4 21. Ke2 Kd6 22. Bf3 Re8+ 23. Kd2 Nxh2 24. Bb7 c6 25. a4 Nf1+ 26. Kd3 Re3+ 27. Kc2 Re2+ 28. Kb3 Ne3 29. Na3 bxa4+ 30. Ka2 Rxg2 31. Bxa6 h5 32. Re1 Kc7 33. Nc4 Nxc4 34. Bxc4 Bc5 35. Re5 Kd6 36. Rf5 a3 37. Rf6+ Kc7 38. Ka1 axb2+ 39. Kb1 Ba3 40. Bd3 h4 41. Be4 Rg1+ 42. Ka2 Ra1+ 43. Kb3 b1=Q+ 44. Bxb1 Rxb1+ 45. Kxa3 h3 0-1

[Event "EOBCC 2020"]
[Site "Online"]
[Date "2020.12.18"]
[Round "3.87"]
[White "Koelle, Tobias"]
[Black "Fernandez, Daniel Howard"]
[Result "1-0"]
[WhiteElo "2340"]
[BlackElo "2466"]
[PlyCount "95"]
[EventDate "2020.12.18"]
[EventType "tourn"]
[EventCountry "NET"]

1. d4 Nf6 2. c4 g6 3. f3 e5 4. dxe5 Nh5 5. Nh3 d6 6. Nc3 Bxh3 7. gxh3 Nc6 8. Be3 Nxe5 9. Bf2 Bh6 10. e3 O-O 11. f4 Bxf4 12. exf4 Nxf4 13. Be2 Re8 14. O-O Nxh3+ 15. Kh1 Nxf2+ 16. Rxf2 Qh4 17. Qg1 Nxc4 18. Nd5 Ne5 19. Nxc7 Qd4 20. Nxa8 Rxa8 21. b3 Rc8 22. Rd1 Qb6 23. Bf3 Kg7 24. Bd5 Qb4 25. Rdf1 Rc7 26. Qg5 Qd4 27. Qf6+ Kh6 28. Bg2 Nc6 29. Qxd4 Nxd4 30. Rxf7 Rc2 31. a4 Nxb3 32. Rxb7 Nc5 33. Rxa7 Ra2 34. a5 Kg5 35. Rg1 Kf4 36. Rf1+ Kg5 37. Bd5 Rd2 38. Bc4 d5 39. Bb5 Ne4 40. Raf7 h5 41. a6 Ra2 42. a7 Nd6 43. Bc6 Nxf7 44. Rxf7 Ra1+ 45. Kg2 Ra2+ 46. Kg1 Ra1+ 47. Kf2 Ra2+ 48. Ke3 1-0

[Event "EOBCC 2020"]
[Site "Online"]
[Date "2020.12.18"]
[Round "3.88"]
[White "Firat, Burak"]
[Black "Colbow, Collin"]
[Result "1-0"]
[WhiteElo "2474"]
[BlackElo "2339"]
[PlyCount "59"]
[EventDate "2020.12.18"]
[EventType "tourn"]
[EventCountry "NET"]

1. c4 c5 2. Nf3 g6 3. d4 Bg7 4. e4 d6 5. Nc3 Bg4 6. d5 Qa5 7. Bd2 Nd7 8. Be2 Ngf6 9. O-O a6 10. Rb1 O-O 11. a3 Bxf3 12. Bxf3 b5 13. b4 Qb6 14. Be3 Ne8 15. bxc5 dxc5 16. Qc2 Bxc3 17. Qxc3 Nd6 18. Bh6 f6 19. Bxf8 Kxf8 20. Bg4 Ne5 21. Be6 Nexc4 22. f4 b4 23. Qh3 Kg7 24. e5 Ne4 25. d6 Ncd2 26. Qe3 Nxb1 27. Qxe4 Nd2 28. Qxa8 Nxf1 29. dxe7 Nd2 30. Qf8# 1-0

[Event "EOBCC 2020"]
[Site "Online"]
[Date "2020.12.18"]
[Round "3.89"]
[White "Marjanovic, Annamaria"]
[Black "Stefanova, Antoaneta"]
[Result "0-1"]
[WhiteElo "2338"]
[BlackElo "2466"]
[PlyCount "86"]
[EventDate "2020.12.18"]
[EventType "tourn"]
[EventCountry "NET"]

1. d4 d5 2. Nc3 c6 3. Bf4 Bf5 4. f3 e6 5. Qd2 Nf6 6. g4 Bg6 7. h4 h5 8. g5 Nfd7 9. O-O-O Bb4 10. e3 Qa5 11. Nge2 Nb6 12. Kb1 Nc4 13. Qc1 Nd7 14. e4 b5 15. Bd2 Nxd2+ 16. Qxd2 Nb6 17. Qd3 Nc4 18. Nc1 Nxb2 19. Nb3 Nxd3 20. Nxa5 Nf2 21. Rd2 Bxc3 22. Rxf2 Bxa5 23. Bd3 Bc3 24. f4 dxe4 25. Be2 Bxd4 26. Rff1 O-O 27. Rd1 Rfd8 28. Rh3 e3 29. Rhh1 Bc5 30. Rhf1 a5 31. Kb2 Rd2 32. Rxd2 exd2 33. Rd1 Rd8 34. Bf3 Be3 35. Kc3 b4+ 36. Kb2 c5 37. Be2 Bxf4 38. a3 Bg3 39. axb4 axb4 40. Rh1 Be1 41. Bd1 Be4 42. Rh3 g6 43. Re3 Bf5 0-1

[Event "EOBCC 2020"]
[Site "Online"]
[Date "2020.12.18"]
[Round "3.90"]
[White "Kusa, Jakub"]
[Black "Murzin, Volodar"]
[Result "0-1"]
[WhiteElo "2336"]
[BlackElo "2470"]
[PlyCount "94"]
[EventDate "2020.12.18"]
[EventType "tourn"]
[EventCountry "NET"]

1. e4 c5 2. Nf3 d6 3. Bb5+ Nd7 4. O-O a6 5. Bd3 Ngf6 6. c3 e6 7. Re1 Be7 8. Bf1 b5 9. a4 Bb7 10. axb5 axb5 11. Rxa8 Qxa8 12. d3 O-O 13. Nbd2 Rb8 14. e5 dxe5 15. Nxe5 Nxe5 16. Rxe5 Bd6 17. Re1 Rd8 18. Qc2 Qb8 19. h3 Bh2+ 20. Kh1 Bf4 21. Ne4 Nxe4 22. dxe4 c4 23. Bxf4 Qxf4 24. Rd1 Ra8 25. Re1 h6 26. g3 Qd6 27. Bg2 Rd8 28. e5 Qd2 29. Qxd2 Bxg2+ 30. Kxg2 Rxd2 31. Rb1 Rc2 32. Kf3 Kh7 33. Ke3 Kg6 34. f4 Rh2 35. h4 h5 36. b3 Rc2 37. bxc4 bxc4 38. Rb7 Rxc3+ 39. Kf2 Rd3 40. Kg2 c3 41. Rc7 Rd2+ 42. Kf3 Rd3+ 43. Kf2 Kf5 44. Rxf7+ Ke4 45. Rxg7 c2 46. Rc7 Rd2+ 47. Ke1 Rd1+ 0-1

[Event "EOBCC 2020"]
[Site "Online"]
[Date "2020.12.18"]
[Round "3.91"]
[White "Teterev, Vitaly"]
[Black "Papp, Petra"]
[Result "1/2-1/2"]
[WhiteElo "2460"]
[BlackElo "2336"]
[PlyCount "247"]
[EventDate "2020.12.18"]
[EventType "tourn"]
[EventCountry "NET"]

1. Nf3 Nf6 2. g3 g6 3. Bg2 Bg7 4. O-O O-O 5. d4 d5 6. c4 c6 7. Qb3 Qb6 8. Nc3 Rd8 9. Rd1 Bf5 10. Ne1 Ne4 11. c5 Qxb3 12. axb3 Nxc3 13. bxc3 e5 14. b4 Nd7 15. Bg5 Re8 16. Ra2 a6 17. Be3 Rac8 18. h3 h5 19. Nc2 Nf8 20. Na1 exd4 21. cxd4 Be4 22. Bf1 Bf5 23. Nb3 Re7 24. Na5 Rce8 25. Bg5 f6 26. Bf4 Bc8 27. Bd6 Rf7 28. e3 f5 29. h4 Nh7 30. Ra3 Nf6 31. Be5 Bh6 32. Bf4 Bg7 33. Nb3 Ng4 34. Nd2 Rfe7 35. Nf3 Be6 36. Bh3 Bf7 37. Bg5 Rc7 38. Bf4 Rce7 39. Ra2 Rd7 40. Bxg4 hxg4 41. Ne1 Bf6 42. Nd3 Bd8 43. Kf1 Be6 44. Ke2 Rg7 45. Rh1 Rh7 46. Raa1 Bc8 47. Kd2 Bf6 48. Be5 Bd8 49. Nf4 Kf7 50. Kc3 Be6 51. Nd3 Bc8 52. Bf4 Kg8 53. Ne5 Kg7 54. Nd3 Kf7 55. Rab1 Kg7 56. Ra1 Kf7 57. Kb3 Kg7 58. Rag1 Kf7 59. Kc3 Kg7 60. Ne5 Be6 61. Bg5 Bc7 62. Nd3 Kf7 63. Bf4 Bd8 64. Ne5+ Kg7 65. Bg5 Bc7 66. Nd3 Kf7 67. Rh2 Reh8 68. Rgh1 Bd7 69. Bf4 Bd8 70. Be5 Re8 71. Bf4 Reh8 72. Ne5+ Kf6 73. Bg5+ Ke6 74. Nxg6 Rg8 75. Nf4+ Kf7 76. Bxd8 Rxd8 77. h5 Kf6 78. h6 Be8 79. Kb3 Bf7 80. Ka4 Rd7 81. Ka5 Kg5 82. Kb6 Re7 83. Nd3 Re6 84. Ne5 Be8 85. Rh4 Rf6 86. f3 gxf3 87. Nxf3+ Kg6 88. g4 f4 89. Ne5+ Kg5 90. Nf3+ Kg6 91. g5 Re6 92. exf4 Kf5 93. Ne5 Bg6 94. Rf1 Ree7 95. Rh2 Re6 96. Rg2 Ke4 97. Rd2 Bf5 98. g6 Bxg6 99. Nxg6 Rxg6 100. f5 Rf6 101. Re2+ Kxd4 102. Re6 Rhxh6 103. Rxf6 Rxf6 104. Kxb7 Kc4 105. Rf4+ d4 106. Kxa6 Kxb4 107. Kb6 Kc4 108. Rf1 d3 109. Rc1+ Kd4 110. Rf1 d2 111. Rh1 Rxf5 112. Rh4+ Ke3 113. Rh3+ Rf3 114. Rh1 Ke2 115. Kxc6 d1=Q 116. Rxd1 Kxd1 117. Kd6 Rd3+ 118. Ke7 Rc3 119. Kd6 Kd2 120. c6 Kd3 121. c7 Kd4 122. Kd7 Kd5 123. c8=Q Rxc8 124. Kxc8 1/2-1/2

[Event "EOBCC 2020"]
[Site "Online"]
[Date "2020.12.18"]
[Round "3.92"]
[White "Samadov, Read"]
[Black "Jaracz, Pawel"]
[Result "0-1"]
[WhiteElo "2332"]
[BlackElo "2456"]
[PlyCount "100"]
[EventDate "2020.12.18"]
[EventType "tourn"]
[EventCountry "NET"]

1. d4 Nf6 2. c4 e6 3. Nf3 b6 4. a3 Ba6 5. e3 Be7 6. Nc3 d5 7. cxd5 Bxf1 8. Kxf1 Nxd5 9. g3 O-O 10. Kg2 Nxc3 11. bxc3 c5 12. e4 Nc6 13. Be3 Rc8 14. Qa4 Na5 15. Rhd1 Qe8 16. Qxe8 Rfxe8 17. dxc5 Bxc5 18. Bxc5 Rxc5 19. Rd7 Nc6 20. Nd4 a6 21. Nxc6 Rxc6 22. Rb1 b5 23. Ra7 h5 24. a4 bxa4 25. Ra1 Rc4 26. Rxa6 Rxe4 27. R6xa4 Re2 28. Ra8 Rxa8 29. Rxa8+ Kh7 30. h4 Rc2 31. Rc8 Kg6 32. c4 f6 33. c5 Kf5 34. c6 e5 35. Kf3 Rc3+ 36. Ke2 Ke4 37. Kd2 Rc5 38. Ke2 Rc2+ 39. Ke1 Kf3 40. c7 e4 41. Kd1 Rc5 42. Ke1 e3 43. fxe3 Kxg3 44. Rh8 Rxc7 45. Rxh5 Kf3 46. Rf5+ Kxe3 47. Kf1 Rc4 48. Rh5 Kf3 49. Kg1 Kg3 50. Rh7 Rc1# 0-1

[Event "EOBCC 2020"]
[Site "Online"]
[Date "2020.12.18"]
[Round "3.94"]
[White "Belyakov, Bogdan"]
[Black "Owczarzak, Jerzy"]
[Result "1-0"]
[WhiteElo "2450"]
[BlackElo "2326"]
[PlyCount "57"]
[EventDate "2020.12.18"]
[EventType "tourn"]
[EventCountry "NET"]

1. e4 e6 2. d4 a6 3. Nc3 b5 4. Nf3 Bb7 5. Bd3 Nf6 6. e5 Nd5 7. O-O Nxc3 8. bxc3 Be7 9. a4 b4 10. cxb4 Bxb4 11. Rb1 a5 12. c3 Bxf3 13. Qxf3 Nc6 14. cxb4 axb4 15. Be3 Rxa4 16. Bb5 Ra3 17. Bxc6 dxc6 18. Qxc6+ Qd7 19. Qxd7+ Kxd7 20. Rxb4 Rha8 21. g3 Rc3 22. Rfb1 Ra2 23. R4b3 Rcc2 24. Kg2 Re2 25. Kf3 Rec2 26. h4 h5 27. Rb8 Rc4 28. Rg8 g6 29. Rf8 1-0

[Event "EOBCC 2020"]
[Site "Online"]
[Date "2020.12.18"]
[Round "3.95"]
[White "Dworakowska, Joanna"]
[Black "Kolosowski, Mateusz"]
[Result "0-1"]
[WhiteElo "2322"]
[BlackElo "2448"]
[PlyCount "138"]
[EventDate "2020.12.18"]
[EventType "tourn"]
[EventCountry "NET"]

1. e4 e5 2. Nf3 Nc6 3. d4 exd4 4. Nxd4 Qf6 5. Be3 Bc5 6. c3 Nge7 7. g3 h5 8. Qd2 Ne5 9. Be2 Qg6 10. f3 a6 11. Na3 d6 12. Nac2 Bh3 13. O-O-O O-O 14. Bf4 N7c6 15. Ne3 Rfe8 16. Rhg1 Rad8 17. Nd5 Rc8 18. Kb1 Nd7 19. Ka1 Nb6 20. Ne3 Ne5 21. g4 hxg4 22. Rg3 d5 23. exd5 Qf6 24. Nxg4 Bxg4 25. fxg4 Nxd5 26. Bg5 Qf2 27. Rh3 Bxd4 28. cxd4 Ng6 29. Bd3 Qxd2 30. Bxd2 Ndf4 31. Bxf4 Nxf4 32. Rf3 Nxd3 33. Rfxd3 Rcd8 34. h3 Re2 35. R3d2 Re3 36. Rd3 Re2 37. a3 Rd6 38. d5 g6 39. Ka2 Kg7 40. R1d2 Re5 41. Kb3 b6 42. Kc3 g5 43. b4 Kg6 44. Kc4 f6 45. Rd4 Re1 46. Rf2 Rc1+ 47. Kb3 c6 48. Rfd2 c5 49. bxc5 bxc5 50. Rc4 Rb1+ 51. Ka4 Rb5 52. Rd3 f5 53. gxf5+ Kxf5 54. Rd2 Ke5 55. Rg4 Kf6 56. Rc4 Kf5 57. Rg4 c4 58. Rxc4 Rbxd5 59. Rxd5+ Rxd5 60. Kb4 Rd3 61. a4 Rxh3 62. Ka5 Rh6 63. Rc5+ Kf4 64. Rc8 g4 65. Rf8+ Ke3 66. Rg8 Kf3 67. Kb4 g3 68. Kc3 g2 69. Kd2 Kf2 0-1

[Event "EOBCC 2020"]
[Site "Online"]
[Date "2020.12.18"]
[Round "3.96"]
[White "Mammadzada, Gunay"]
[Black "Sochacki, Wojtek"]
[Result "1-0"]
[WhiteElo "2443"]
[BlackElo "2320"]
[PlyCount "143"]
[EventDate "2020.12.18"]
[EventType "tourn"]
[EventCountry "NET"]

1. e4 e5 2. Nf3 Nc6 3. Bb5 a6 4. Ba4 Nf6 5. O-O Be7 6. Re1 b5 7. Bb3 O-O 8. c3 d6 9. d4 Bg4 10. Be3 exd4 11. cxd4 Na5 12. Bc2 c5 13. h3 Bh5 14. g4 Bg6 15. Nbd2 Nc6 16. Rc1 Rc8 17. d5 Nb4 18. Bb1 a5 19. a3 Na6 20. a4 bxa4 21. Bf4 Rb8 22. Nc4 Rb4 23. Bd2 Rb5 24. Qxa4 Qb8 25. Nxa5 Nb4 26. Bxb4 Rxb4 27. Qa3 Re8 28. Nc6 Qb7 29. Nxb4 cxb4 30. Qa4 Rb8 31. Qc6 Nd7 32. Qxb7 Rxb7 33. e5 Bxb1 34. Rc8+ Bf8 35. e6 fxe6 36. Rxb1 exd5 37. Rd1 Nf6 38. Nd4 Kf7 39. f3 Ra7 40. Rdc1 Be7 41. R1c7 Rxc7 42. Rxc7 Ke8 43. Nf5 Bf8 44. Nxg7+ Bxg7 45. Rxg7 Kf8 46. Rb7 Ke8 47. Kf2 Nd7 48. g5 Ne5 49. b3 Kf8 50. Rxh7 Nd3+ 51. Ke3 Nc5 52. Rh4 Nxb3 53. Rxb4 Nc5 54. h4 Kf7 55. h5 Ke6 56. g6 Nd7 57. Rg4 Nf6 58. g7 Nxg4+ 59. fxg4 Kf7 60. h6 Kg8 61. Kd4 Kh7 62. Kxd5 Kg8 63. Kxd6 Kh7 64. Ke7 Kg8 65. Kf6 Kh7 66. Kf7 Kxh6 67. g5+ Kh5 68. g8=Q Kg4 69. g6 Kf5 70. Qe8 Kf4 71. g7 Kf3 72. g8=Q 1-0

[Event "EOBCC 2020"]
[Site "Online"]
[Date "2020.12.18"]
[Round "3.97"]
[White "Hess, Max"]
[Black "Ongut, Tamas Gunes"]
[Result "1/2-1/2"]
[WhiteElo "2430"]
[BlackElo "2332"]
[PlyCount "86"]
[EventDate "2020.12.18"]
[EventType "tourn"]
[EventCountry "NET"]

1. e4 e5 2. Nf3 Nc6 3. Nc3 Nf6 4. Be2 Bc5 5. Nxe5 Nxe5 6. d4 Bd6 7. f4 Nc6 8. e5 Bb4 9. exf6 Qxf6 10. d5 Ne7 11. O-O Bxc3 12. bxc3 d6 13. Be3 Nf5 14. Bf2 O-O 15. g4 Ne7 16. Bd4 Qg6 17. c4 Nf5 18. Bf2 h5 19. g5 Re8 20. Bxh5 Qh7 21. Qf3 g6 22. Bg4 Nh4 23. Bxh4 Qxh4 24. Bxc8 Raxc8 25. Qg3 Qxg3+ 26. hxg3 Re3 27. Kf2 Rc3 28. Ke2 Rxc4 29. Kd3 Rc5 30. c4 b5 31. cxb5 Rxd5+ 32. Kc4 Rc5+ 33. Kb4 Rb8 34. a4 c6 35. Rfc1 Rxc1 36. Rxc1 cxb5 37. axb5 a6 38. Rc6 Rxb5+ 39. Kc4 Ra5 40. Rxd6 Ra3 41. Kd4 Rxg3 42. Rxa6 Kg7 43. Ke4 Rg1 1/2-1/2

[Event "EOBCC 2020"]
[Site "Online"]
[Date "2020.12.18"]
[Round "3.98"]
[White "Gretarsson, Helgi Ass"]
[Black "Han, Yichen"]
[Result "0-1"]
[WhiteElo "2440"]
[BlackElo "2307"]
[PlyCount "84"]
[EventDate "2020.12.18"]
[EventType "tourn"]
[EventCountry "NET"]

1. d4 d5 2. c4 c6 3. Nc3 Nf6 4. e3 Bf5 5. cxd5 cxd5 6. Qb3 Qb6 7. Nxd5 Qxb3 8. Nxf6+ exf6 9. axb3 Be7 10. Bb5+ Nd7 11. Nf3 a6 12. Ke2 Rc8 13. Bd3 Be6 14. Nd2 f5 15. Bc4 Nb6 16. Bd3 Nd5 17. Nc4 b5 18. Na5 Nb4 19. Bd2 Nxd3 20. Kxd3 Kd7 21. Rhc1 Bd5 22. f3 Rhe8 23. e4 fxe4+ 24. fxe4 Ba8 25. g4 f6 26. d5 Bd6 27. h3 g6 28. Rf1 Rf8 29. b4 f5 30. Bc3 fxe4+ 31. Kxe4 Rce8+ 32. Kd4 Be5+ 33. Kc5 Rc8+ 34. Kb6 Rxf1 35. Rxf1 Bxd5 36. Bxe5 Ke6 37. Re1 Kd7 38. Bc3 Rf8 39. Rd1 Ke6 40. Kxa6 Rb8 41. Ka7 Rd8 42. Kb6 Rd6+ 0-1